Statistics for Biggest Pharmaceutical Companies

Click here to take the quiz!

General Stats

  • This quiz has been taken 409 times
  • The average score is 5 of 12

Answer Stats

HintAnswer% Correct
2Pfizer
83%
1Johnson & Johnson
61%
10Bayer
50%
9Merck
49%
5Novartis
43%
7AstraZeneca
41%
4GlaxoSmithKline
37%
3Roche
37%
6Sanofi
33%
8Abbot
19%
11Eli Lilly
16%
12Bristol-Meyers Squibb
5%

Score Distribution

Percentile by Number Answered

Percent of People with Each Score

Your Score History

You have not taken this quiz